00550nam a22001932 4500001001100000005001700011008004100028020001700069040001500086100003300101245006700134250001300201260003900214300001500253650003000268650002500298700003000323852000300353000001296020151217145858.0090514s xx 000 0 eng d a0582318297 : aKABUcKABU1 aGanderton, Paul.@000016999610aEnvironmental biogeography /cPaul Ganderton, and Paddy Coker. a1st ed. aHarlow, England :bPearson,c2005. ax, 283 p. 0aBiogeography.@0000160472 0aEcology.@00001553071 aCoker, Paddy.@00001699971